Statistics for Name that Historical Figure #8

Click here to take the quiz!

General Stats

  • This quiz has been taken 2,091 times
  • The average score is 4 of 16

Answer Stats

Answer% Correct
Marie Curie
76%
Theodore Roosevelt
75%
Indira Gandhi
44%
Leonid Brezhnev
38%
Simón Bolívar
31%
J. Robert Oppenheimer
19%
Richard Wagner
19%
Cardinal Richelieu
16%
Frederick the Great
16%
Giuseppe Garibaldi
13%
Marcus Tullius Cicero
13%
Alfred Nobel
12%
Jack Ruby
7%
Agrippina the Younger
4%
Gustave Eiffel
3%
Klemens von Metternich
3%

Score Distribution

Percentile by Number Answered

Percent of People with Each Score

Your Score History

You have not taken this quiz